| 000 | 00822nam a2200241 a 4500 | ||
|---|---|---|---|
| 001 | 000016315 | ||
| 005 | 20250502073819.0 | ||
| 008 | 100303s1985 dr 000 0 spa d | ||
| 040 |
_aDO-SdBNP _bspa _cBNPHU |
||
| 082 |
_axxx _bA485o |
||
| 100 | 1 |
_aAmaro Guzmán, Raymundo _9656 |
|
| 245 | 1 | 0 |
_aOrganigramas / _cRaymundo Amaro Guzmán ; prólogo Luis Carlos Danín Lobo. |
| 260 |
_aSanto Domingo : _bONAP, _c1985. |
||
| 300 |
_a49 p. : _bdiagr. ; _c23 cm. |
||
| 490 | 1 |
_aEstudios Administrativos _vno. 12 |
|
| 490 | 1 | _aONAP | |
| 500 | _aIncluye notas al pie de las páginas | ||
| 700 | 1 |
_aDanín Lobo, Luis Carlos _epról. _922286 |
|
| 710 | 1 |
_aRepública Dominicana. _bOficina Nacional de Administración y Personal _926398 |
|
| 830 | 0 |
_aEstudios Administrativos _n12 _936415 |
|
| 830 |
_aONAP _910860 |
||
| 049 | _aBNPD | ||
| 999 |
_c15850 _d15850 |
||